Intermediate algebra / (Record no. 1679)

MARC details
000 -LEADER
fixed length control field 00634nam a2200217 ar4500
001 - CONTROL NUMBER
control field 1681
005 - DATE AND TIME OF LATEST TRANSACTION
control field 20221127090250.0
008 - FIXED-LENGTH DATA ELEMENTS--GENERAL INFORMATION
fixed length control field 190110s cn a 00110|eng d
020 ## - INTERNATIONAL STANDARD BOOK NUMBER
International Standard Book Number 0030070686
082 04 - DEWEY DECIMAL CLASSIFICATION NUMBER
Classification number 512.9
Item number B243 1987
100 1# - MAIN ENTRY--PERSONAL NAME
Personal name Barker, Jack.
245 10 - TITLE STATEMENT
Title Intermediate algebra /
Statement of responsibility, etc. by Jack Barker, James Rogers, Van Dyke James.
250 ## - EDITION STATEMENT
Edition statement 2nd ed.
260 ## - PUBLICATION, DISTRIBUTION, ETC.
Place of publication, distribution, etc. Toronto :
Name of publisher, distributor, etc. Saunders College Publishing,
Date of publication, distribution, etc. 1987.
300 ## - PHYSICAL DESCRIPTION
Extent xiv, 784 p. :
Other physical details ill. ;
Dimensions 27cm.
500 ## - GENERAL NOTE
General note Include index.
650 #4 - SUBJECT ADDED ENTRY--TOPICAL TERM
Topical term or geographic name entry element Algebra
Form subdivision Textbooks.
650 #4 - SUBJECT ADDED ENTRY--TOPICAL TERM
Topical term or geographic name entry element Mathematics.
700 0# - ADDED ENTRY--PERSONAL NAME
Personal name Rogers, James.
700 0# - ADDED ENTRY--PERSONAL NAME
Personal name James, Van Dyke,.
Relator term jt. author.
Holdings
Withdrawn status Lost status Source of classification or shelving scheme Damaged status Not for loan Home library Current library Date acquired Total Checkouts Full call number Barcode Date last seen Copy number Price effective from Koha item type
              11/27/2022   512.9 B243 1987 1000000006585 11/27/2022 C1 11/27/2022 Book